[Event "Krefeld op"]
[Site "Krefeld"]
[Date "2023.08.05"]
[Round "7"]
[White "Macarie, Paul Andrei"]
[Black "Scholtes, Benedikt"]
[Result "1/2-1/2"]
[WhiteElo "1863"]
[BlackElo "2093"]
[PlyCount "47"]
[EventDate "2023.08.02"]
[EventType "swiss"]
[EventRounds "9"]
[EventCountry "GER"]
[SourceTitle "CBM 215 Extra"]
[Source "ChessBase"]
[SourceDate "2023.09.30"]
[SourceVersion "1"]
[SourceVersionDate "2023.09.30"]
[SourceQuality "1"]

1. f4 d5 2. Nf3 g6 3. e3 Bg7 4. Be2 c5 5. 0-0 Nc6 6. d3 e6 7. Qe1 Nge7 8. e4 dxe4 9. dxe4 0-0 10. c3 a6 11. Qf2 b6 12. Nbd2 Qc7 13. Nc4 b5 14. Nce5 c4 15. Be3 f6 16. Nxc6 Nxc6 17. Rad1 e5 18. Bc5 Re8 19. fxe5 Nxe5 20. Nxe5 fxe5 21. Bd6 Qa7 22. Bc5 Qc7 23. Bd6 Qa7 24. Bc5 1/2-1/2